书目信息 |
| 题名: |
亚欧地震构造图说明书
|
|
| 作者: | ;国家地震局地质研究所 编著 | |
| 分册: | ||
| 出版信息: | 地图出版社 1981 |
|
| 页数: | 90页 | |
| 开本: | 26cm | |
| 丛书名: | ||
| 单 册: | ||
| 中图分类: | P315.2-64 | |
| 科图分类: | ||
| 主题词: | 岩石--物理学 , 固体地球物理学 | |
| 电子资源: | ||
| ISBN: | ||
| 000 | 00605nam0 2200181 450 | |
| 001 | 0654755660 | |
| 005 | 20060810151406.85 | |
| 100 | @a20060810d1981 km y0chiy0120 ea | |
| 101 | 0 | @achi |
| 200 | 1 | @a亚欧地震构造图说明书@Aya ou di zhen gou zao tu shuo ming shu@f国家地震局地质研究所编著@Fguo jia di zhen ju di zhi yan jiu suo bian zhu |
| 210 | @c地图出版社@d1981 | |
| 215 | @a90页@d26cm | |
| 606 | 0 | @a岩石@x物理学 |
| 606 | 0 | @a固体地球物理学 |
| 690 | @aP315.2-64@v3 | |
| 711 | 0 | @a国家地震局地质研究所@Aguo jia di zhen ju di zhi yan jiu suo@4编著 |
| 801 | 0 | @aCN@bPFT@c20060810 |
| 905 | @a10447@dP315.2-64@e76 | |
| 亚欧地震构造图说明书/国家地震局地质研究所编著.-地图出版社,1981 |
| 90页;26cm |
| ISBN : |
| ● |
| 相关链接 |
|
|
|
|
正题名:亚欧地震构造图说明书
索取号:P315.2-64/76
 
预约/预借
| 序号 | 登录号 | 条形码 | 馆藏地/架位号 | 状态 | 备注 |
| 1 | 0452168 | 204521687 | 密集书库/ [索取号:P315.2-64/76] | 在馆 |